LEADER 02958nam 2200565Ia 450 001 9910958489303321 005 20240912173418.0 010 $a9786613273734 010 $a9781118095645 010 $a1118095642 010 $a9781785392641 010 $a1785392646 010 $a9781283273732 010 $a128327373X 010 $a9781118095669 010 $a1118095669 035 $a(CKB)24989740600041 035 $a(Au-PeEL)EBL697921 035 $a(CaPaEBR)ebr10501293 035 $a(CaONFJC)MIL327373 035 $a(OCoLC)761284089 035 $a(MiAaPQ)EBC697921 035 $a(MiAaPQ)EBC7103420 035 $a(Perlego)1000898 035 $a(EXLCZ)9924989740600041 100 $a20110613d2012 uy 0 101 0 $aeng 135 $aur||||||||||| 181 $ctxt$2rdacontent 182 $cc$2rdamedia 183 $acr$2rdacarrier 200 10$aEnvironmental policy and public health $eair pollution, global climate change, and wilderness /$fWilliam N. Rom ; foreword by Frances Beinecke 210 $aSan Francisco $cJossey-Bass$dc2012 215 $axxvi, 420 p. $cill 225 0 $aPublic health/environmental health ;$v14 320 $aIncludes bibliographical references and index. 330 8 $aThis textbook provides an overview of the major environmental policy issues, past and present, and explains the interplay among law, science, and advocacy as related to environmental policymaking in the United States and abroad. Environmental Policy and Public Health examines the main sources of pollution and threats to environmental integrity and explores the consequences of pollution on the environment and the population. Throughout the book, noted environmental policy expert William N. Rom explains the legal basis for environmental action, beginning with the Clean Air Act, the Wilderness Act, the National Environmental Policy Act, the Endangered Species Act, and international treaties. In addition to providing information about existing laws, the author presents potential policy alternatives that offer real-world solutions. Comprehensive in scope, the book incorporates developments in law, economics, global warming, and air pollution. Environmental Policy and Public Health covers these topics and also puts an emphasis on wilderness protection. An important focus of the book is an assessment of the role of policy analysis in the formation and implementation of national and local environmental policy. Companion Web site: www.josseybass.com/go/rom 606 $aEnvironmental health$xGovernment policy 606 $aMedical policy 615 0$aEnvironmental health$xGovernment policy. 615 0$aMedical policy. 676 $a362.196/98 700 $aRom$b William N$01807159 801 0$bMiAaPQ 801 1$bMiAaPQ 801 2$bMiAaPQ 906 $aBOOK 912 $a9910958489303321 996 $aEnvironmental policy and public health$94356734 997 $aUNINA LEADER 04441nam 22006615 450 001 9910136620003321 005 20251116162133.0 010 $a9783319444352 024 7 $a10.1007/978-3-319-44435-2 035 $a(CKB)3710000000903245 035 $a(EBL)4717598 035 $a(DE-He213)978-3-319-44435-2 035 $a(MiAaPQ)EBC4717598 035 $a(PPN)196324246 035 $a(EXLCZ)993710000000903245 100 $a20161013d2017 u| 0 101 0 $aeng 135 $aur|n|---||||| 181 $ctxt$2rdacontent 182 $cc$2rdamedia 183 $acr$2rdacarrier 200 10$aAcid Mine Drainage in South Africa $eDevelopment Actors, Policy Impacts, and Broader Implications /$fby Suvania Naidoo 205 $a1st ed. 2017. 210 1$aCham :$cSpringer International Publishing :$cImprint: Springer,$d2017. 215 $a1 online resource (137 p.) 225 1 $aSpringerBriefs in Environmental Science,$x2191-5547 300 $aDescription based upon print version of record. 311 08$a3-319-44434-4 311 08$a3-319-44435-2 327 $a1. Overview of AMD in South Africa -- 2. Global context of AMD -- 3. Water, Mining, and Development in South Africa -- 4. The Nature of Acid Mine Drainage in the Vaal River System -- 5. The Policy Response to Acid Mine Drainage in the Gold-Mining Sector -- 6. Socio-economic Impact of Acid Mine Drainage -- 7. AMD and a Sustainable Future for South Africa?. . 330 $aThis SpringerBrief focuses on Acid Mine Drainage (AMD) in the three basins in the Witwatersrand, South Africa. It provides a background to AMD and its impactsfrom a social science perspective.The South African government and non-governmental organizations? response to AMD is assessed, as well the socio-economic and developmental effects of AMD. This volume, which is based on the author?s Master?s dissertation at UNISA, involves interviews with a range of experts in the field from government departments, environmental organisations (activists), the private sector (mining), tourism sector and the agricultural sector. The book discusses existing policy documents on AMD and provides recommendations in response to the many socio-economic impacts which have not been fully addressed. A literature review on the global context of AMD is provided. South Africa?s water systems are already severely harmed by climate change, different forms of pollution, and poorly managed sanitation systems. For these reasons, the country is becoming increasingly water-stressed and therefore, water will continue to become much scarcer in the future. As a result of AMD?s continued impact on South Africa?s water systems, as a technical or scientific matter as well as the policy implications for the mining sector, water security and socio-economic sustainability has become a highly contested issue. 410 0$aSpringerBriefs in Environmental Science,$x2191-5547 606 $aWater$xPollution 606 $aEnvironmental health 606 $aSustainable development 606 $aEnvironmental sociology 606 $aEconomic development 606 $aWaste Water Technology / Water Pollution Control / Water Management / Aquatic Pollution$3https://scigraph.springernature.com/ontologies/product-market-codes/U35040 606 $aEnvironmental Health$3https://scigraph.springernature.com/ontologies/product-market-codes/U18005 606 $aSustainable Development$3https://scigraph.springernature.com/ontologies/product-market-codes/U34000 606 $aEnvironmental Sociology$3https://scigraph.springernature.com/ontologies/product-market-codes/X22160 606 $aDevelopment Studies$3https://scigraph.springernature.com/ontologies/product-market-codes/913000 615 0$aWater$xPollution. 615 0$aEnvironmental health. 615 0$aSustainable development. 615 0$aEnvironmental sociology. 615 0$aEconomic development. 615 14$aWaste Water Technology / Water Pollution Control / Water Management / Aquatic Pollution. 615 24$aEnvironmental Health. 615 24$aSustainable Development. 615 24$aEnvironmental Sociology. 615 24$aDevelopment Studies. 676 $a333.7 700 $aNaidoo$b Suvania$4aut$4http://id.loc.gov/vocabulary/relators/aut$01064708 906 $aBOOK 912 $a9910136620003321 996 $aAcid Mine Drainage in South Africa$92540306 997 $aUNINA